000 00429nam a2200145Ia 4500
008 090124s9999 xx 000 0 und d
082 _b207491
245 _aEMINENT INDIAN WOMEN FROM THE VEDIC AGE TO THE PRESENT
250 _a1
260 _c2006
300 _a180
630 _aEMINENT INDIAN WOMEN FROM THE VEDIC AGE TO THE PRESENT
730 _aEMINENT INDIAN WOMEN FROM THE VEDIC AGE TO THE PRESENT
942 _cBOOK
999 _c189519
_d189519